[Event "FRA-ch Railways-B"]
[Site "Soulac sur Mer"]
[Date "2015.05.26"]
[Round "5"]
[White "Pillault, Franck"]
[Black "Mesli, Maurice"]
[Result "1-0"]
[WhiteElo "1933"]
[BlackElo "1864"]
[PlyCount "75"]
[EventDate "2015.05.26"]
[EventType "swiss"]
[EventRounds "7"]
[EventCountry "FRA"]
[SourceTitle "EXT 2016"]
[Source "ChessBase"]
[SourceDate "2015.10.08"]
[SourceVersion "1"]
[SourceVersionDate "2015.10.08"]
[SourceQuality "1"]

1. d4 Nf6 2. Nc3 d5 3. Nf3 Bg4 4. e3 e6 5. Bd3 c5 6. h3 Bxf3 7. Qxf3 cxd4 8. exd4 Qb6 9. 0-0 Nc6 10. Be3 Be7 11. Qg3 Nh5 12. Qg4 g6 13. Rfd1 0-0 14. Ne4 Qc7 15. Nc5 Ne5 16. dxe5 Bxc5 17. Bh6 Rfc8 18. Qe2 Qb6 19. g4 Ng7 20. c3 Qd8 21. Kg2 a6 22. f4 Bf8 23. Qf3 Nf5 24. gxf5 Bxh6 25. f6 Kh8 26. Qg3 Qb6 27. Rab1 Qa5 28. Qh4 Bf8 29. a3 b5 30. Kh2 Ra7 31. Rg1 Qd8 32. Rg2 Qe8 33. Rbg1 Rcc7 34. Qg5 Rab7 35. h4 Bc5 36. Rf1 Rb8 37. Rf3 Qf8 38. Rfg3 1-0

[Event "France op"]
[Site "France"]
[Date "1994.??.??"]
[Round "1"]
[White "Logie, Marc"]
[Black "Pillault, Franck"]
[Result "1/2-1/2"]
[WhiteElo "1930"]
[BlackElo "1740"]
[PlyCount "47"]
[EventDate "1994.??.??"]
[EventType "swiss"]
[EventRounds "5"]
[EventCountry "FRA"]
[SourceTitle "EXT 1999"]
[Source "ChessBase"]
[SourceDate "1998.11.16"]
[SourceVersion "1"]
[SourceVersionDate "1998.11.16"]
[SourceQuality "1"]

1. e4 e5 2. Nf3 Nc6 3. c3 Nf6 4. d4 exd4 5. e5 Nd5 6. cxd4 Bb4+ 7. Bd2 Bxd2+ 8. Qxd2 0-0 9. Be2 d6 10. exd6 Qxd6 11. 0-0 Bg4 12. Nc3 Nf4 13. Bd1 Bxf3 14. Bxf3 Nxd4 15. Kh1 Nxf3 16. Qxd6 cxd6 17. gxf3 d5 18. Rad1 Rfd8 19. Rd4 Ne6 20. Rxd5 Rxd5 21. Nxd5 Rd8 22. Rd1 Kf8 23. Kg1 Nf4 24. Ne3 1/2-1/2